Tények és érvek a gépjármüadó felülvizsgálatához.
Daň z motorových vozidiel v Maďarsku u súkromných osôb, jej východiská, vývoj a problémy. Návrhy na zmeny a ich východiská (zabudovanie dane do ceny pohonných hmôt, do dane z majetku). Miesto dane z motorových vozidiel v daňovom systéme a jeho porovnanie s ES. Rozsah daňovej povinnosti. Riešenie mož...
Na minha lista:
| Autor principal: | |
|---|---|
| Formato: | Capítulo de Livro |
| Idioma: | húngaro |
| Assuntos: | |
| Tags: |
Sem tags, seja o primeiro a adicionar uma tag!
|
MARC
| LEADER | 00000naa a2200000 4500 | ||
|---|---|---|---|
| 001 | r007644 | ||
| 005 | 20221125114037.0 | ||
| 041 | 0 | |a hun | |
| 044 | |a HU | ||
| 245 | 1 | 0 | |a Tények és érvek a gépjármüadó felülvizsgálatához. |c L. Csúcs |
| 520 | |a Daň z motorových vozidiel v Maďarsku u súkromných osôb, jej východiská, vývoj a problémy. Návrhy na zmeny a ich východiská (zabudovanie dane do ceny pohonných hmôt, do dane z majetku). Miesto dane z motorových vozidiel v daňovom systéme a jeho porovnanie s ES. Rozsah daňovej povinnosti. Riešenie možných krívd. Oslobodenie od dane. Problém odvádzania dane z motorových vozidiel pre štát, resp. samosprávu. Sankcie za neplatenie. | ||
| 610 | 2 | 0 | |a dane majetkové |
| 610 | 2 | 0 | |a automobily |
| 610 | 2 | 0 | |a MR |
| 610 | 2 | 0 | |a sústava daňová |
| 610 | 2 | 0 | |a Európske spoločenstvá |
| 610 | 2 | 0 | |a sankcie |
| 610 | 2 | 0 | |a dane |
| 100 | 1 | |a Csúcs, L. | |